000 00297nam a22001337a 4500
008 170413b xxu||||| |||| 00| 0 eng d
020 _a9780521646857
041 _aeng
080 _a612.39
100 _a10
101 _aSHM
245 _aFEEDING T HE TEN BILLION
_cEVANS, L.T
942 _2udc
_cBK
999 _c10635
_d10635